00497nam a2200157Ia 4500008004100000020001500041082001500056100002300071245007400094250000800168260004200176300003100218500001900249600002100268650005000289240925s9999 xx 000 0 und d a817758569x a004.67 STA aStallings, William 0aHigh-Speed Networks and Internets: performance and quality of service a2nd aNew Delhi:bDorling Kindersloc,2006. axxxiv,973p.bNAfPhotocopy aIncludes Index aComputer Science aComputer science, information & general works